[Event "European Senior Chess Championship 2018"]
[Site "Drammen, Norway"]
[Date "2018.08.03"]
[Round "2"]
[White "Svanholm, Borge Waaktaar"]
[Black "Danielsson, Robert"]
[Result "1/2-1/2"]
[WhiteElo "1862"]
[BlackElo "1993"]
[PlyCount "74"]
[EventDate "2018.??.??"]

1. c4 c5 2. Nf3 g6 3. d4 cxd4 4. Nxd4 Bg7 5. e4 Nc6 6. Be3 Nf6 7. Nc3 d6 8. Be2
O-O 9. O-O Bd7 10. f3 Nxd4 11. Bxd4 Bc6 12. Qd2 a5 13. b3 Nd7 14. Be3 Nc5 15.
Rab1 Qb6 16. Rfd1 Rfc8 17. Kh1 Qd8 18. Bf1 Qf8 19. Bd3 h5 20. a3 Kh7 21. b4
axb4 22. axb4 Na4 23. Ne2 Bd7 24. Rdc1 Qh8 25. c5 dxc5 26. bxc5 Nb2 27. Bc4
Nxc4 28. Rxc4 Bc6 29. Qc2 Rd8 30. Kg1 Ra3 31. Bf4 Rda8 32. Qd2 Ra2 33. Rc2 Rxc2
34. Qxc2 Bd4+ 35. Nxd4 Qxd4+ 36. Qf2 Qd3 37. Rc1 Ra5
1/2-1/2

[Event "European Senior Chess Championship 2018"]
[Site "Drammen, Norway"]
[Date "2018.08.03"]
[Round "2"]
[White "Goncharov, Viktor"]
[Black "Fatalibekova, Elena"]
[Result "1/2-1/2"]
[WhiteElo "2041"]
[BlackElo "2181"]
[PlyCount "41"]
[EventDate "2018.??.??"]

1. d4 Nf6 2. Nf3 c5 3. g3 cxd4 4. Nxd4 d5 5. Bg2 e5 6. Nb3 h6 7. O-O Nc6 8. c4
Be6 9. cxd5 Nxd5 10. Bd2 Be7 11. Nc3 Nb6 12. Ne4 Nc4 13. Bc3 Qb6 14. Nbd2 Nxd2
15. Nxd2 O-O 16. Qa4 Nd4 17. Bxd4 exd4 18. Nb3 Bf6 19. Qa3 Bg4 20. Rfe1 Rfe8
21. Bf3
1/2-1/2

[Event "European Senior Chess Championship 2018"]
[Site "Drammen, Norway"]
[Date "2018.08.03"]
[Round "2"]
[White "Gruzmann, Boris"]
[Black "Hauge, Tor Arne"]
[Result "1-0"]
[WhiteElo "2183"]
[BlackElo "2037"]
[PlyCount "77"]
[EventDate "2018.??.??"]

1. e4 g6 2. d4 Bg7 3. Nc3 c6 4. Be3 Nf6 5. e5 Nd5 6. Nxd5 cxd5 7. Qd2 O-O 8. h4
d6 9. h5 dxe5 10. Bh6 Bxh6 11. Qxh6 Bf5 12. Bd3 Qa5+ 13. Kf1 e4 14. g4 exd3 15.
gxf5 gxf5 16. Nf3 f6 17. Rg1+ Kf7 18. Qxh7+ Ke8 19. Re1 Nc6 20. Rg8 Kd7 21.
Qxf5+ Kc7 22. Rxf8 Rxf8 23. Qxd3 Kb8 24. a3 Rh8 25. Qf5 Qb5+ 26. Kg2 Qxb2 27.
h6 Qxa3 28. h7 Qd6 29. Rh1 a5 30. c3 a4 31. Nh4 e5 32. Ng6 Ne7 33. Nxh8 Nxf5
34. Nf7 Qc6 35. h8=Q+ Ka7 36. Qd8 b6 37. Rh8 exd4 38. cxd4 Nxd4 39. Nd6
1-0

[Event "European Senior Chess Championship 2018"]
[Site "Drammen, Norway"]
[Date "2018.08.03"]
[Round "2"]
[White "Taksrud, Vidar"]
[Black "Hartung-Nielsen, Jens"]
[Result "1/2-1/2"]
[WhiteElo "2047"]
[BlackElo "2211"]
[PlyCount "84"]
[EventDate "2018.??.??"]

1. d4 Nf6 2. Nf3 e6 3. g3 d5 4. Bg2 b5 5. a4 b4 6. O-O Bb7 7. Nbd2 Nbd7 8. c4
bxc3 9. bxc3 c5 10. Ba3 Be7 11. a5 O-O 12. Qa4 Ba6 13. Rfe1 Rb8 14. Rab1 Rxb1
15. Rxb1 Qc7 16. c4 Rc8 17. Rc1 Qd8 18. Ne5 Nxe5 19. dxe5 Ng4 20. cxd5 Nxe5 21.
Bb2 Bf6 22. Qa1 Ng4 23. h3 Bxb2 24. Qxb2 Nf6 25. dxe6 fxe6 26. Ne4 Qd4 27. Qxd4
cxd4 28. Rxc8+ Bxc8 29. Nd6 Ba6 30. Kf1 Kf8 31. Ke1 Ke7 32. Ne4 Nxe4 33. Bxe4
h6 34. Kd2 Kd6 35. f4 Kc5 36. Bd3 Bb7 37. Bg6 Bg2 38. h4 e5 39. fxe5 Kd5 40.
Kd3 Bf1 41. e6 Kxe6 42. Kxd4 Bxe2
1/2-1/2

[Event "European Senior Chess Championship 2018"]
[Site "Drammen, Norway"]
[Date "2018.08.03"]
[Round "2"]
[White "Hewson, Brian W R"]
[Black "Kabanova, Irina"]
[Result "0-1"]
[WhiteElo "2012"]
[BlackElo "1847"]
[PlyCount "104"]
[EventDate "2018.??.??"]

1. d4 Nf6 2. Nf3 e6 3. g3 d5 4. Bg2 c5 5. O-O Nc6 6. b3 cxd4 7. Nxd4 e5 8. Nxc6
bxc6 9. c4 Be6 10. Bb2 Bd6 11. cxd5 Bxd5 12. Nd2 O-O 13. e4 Be6 14. Rc1 Qd7 15.
Nc4 Bxc4 16. Rxc4 Rac8 17. Qc2 Bb8 18. Rd1 Qe6 19. Ba3 Rfe8 20. Rc1 Red8 21.
Bb4 h6 22. h3 a6 23. Bc5 Rd7 24. Ra4 Ba7 25. Rxa6 Bxc5 26. Qxc5 Rd6 27. Ra7
Rcd8 28. Qc4 Rd1+ 29. Bf1 Rxc1 30. Qxc1 Rd7 31. Rxd7 Qxd7 32. Qc2 h5 33. Qd3
Qc7 34. h4 Ng4 35. Be2 Nf6 36. Kg2 Qa5 37. a4 Qb6 38. Bd1 Qb4 39. Bc2 Qc5 40.
Qd2 Qe7 41. b4 Qa7 42. a5 Ng4 43. Ba4 Qb7 44. Qd8+ Kh7 45. Qb6 Qd7 46. Bxc6 Qd3
47. Qb5 Qc2 48. Qc5 Qe2 49. a6 f5 50. exf5 e4 51. Qd4 e3 52. Qf4 exf2
0-1

[Event "European Senior Chess Championship 2018"]
[Site "Drammen, Norway"]
[Date "2018.08.03"]
[Round "2"]
[White "Vorotnikov, Vladislav V"]
[Black "Hohler, Peter"]
[Result "1-0"]
[WhiteElo "2445"]
[BlackElo "2091"]
[PlyCount "103"]
[EventDate "2018.??.??"]

1. e4 e5 2. Nc3 Nf6 3. g3 d5 4. exd5 Nxd5 5. Bg2 Nxc3 6. bxc3 Bd6 7. Ne2 O-O 8.
d3 c6 9. O-O Nd7 10. h3 Nc5 11. Be3 Ne6 12. Qd2 Qc7 13. f4 exf4 14. Nxf4 Nxf4
15. Bxf4 Be6 16. c4 Rad8 17. Bxd6 Qxd6 18. Qf4 Qxf4 19. Rxf4 Rfe8 20. h4 Re7
21. a4 Rde8 22. a5 a6 23. Re4 Bf5 24. Rxe7 Rxe7 25. Kf2 Kf8 26. c5 Bg4 27. Bf1
Ke8 28. Ra4 h5 29. Ra1 Kd7 30. Rb1 Kc7 31. Re1 Rd7 32. Re8 Be6 33. Ke3 g6 34.
d4 Rd8 35. Rxd8 Kxd8 36. c4 Ke7 37. d5 cxd5 38. Bg2 dxc4 39. Bxb7 c3 40. Bxa6
Bf5 41. Bb7 Kd8 42. Bd5 Kc7 43. Bxf7 Kb7 44. Bc4 Kc6 45. a6 Kxc5 46. a7 c2 47.
Kd2 Be4 48. Bd3 Bh1 49. Bxc2 Kb6 50. Bxg6 Kxa7 51. Bxh5 Kb6 52. Bg6
1-0

[Event "European Senior Chess Championship 2018"]
[Site "Drammen, Norway"]
[Date "2018.08.03"]
[Round "2"]
[White "Idesis, Yaacov"]
[Black "Ludviksson, Johannes"]
[Result "1-0"]
[WhiteElo "1958"]
[BlackElo "2024"]
[PlyCount "132"]
[EventDate "2018.??.??"]

1. d4 Nf6 2. Bf4 e6 3. e3 c5 4. c3 d5 5. Nd2 Bd6 6. Bg3 O-O 7. Ngf3 b6 8. Bd3
Ba6 9. Bxa6 Nxa6 10. O-O cxd4 11. exd4 Bxg3 12. hxg3 Qd6 13. Re1 Nb8 14. Ne5
Nc6 15. Qe2 Nd7 16. Ndf3 Ncxe5 17. Nxe5 Nxe5 18. dxe5 Qc5 19. Rad1 b5 20. Rd4
a5 21. Qd3 g6 22. g4 Qe7 23. Qxb5 Rfb8 24. Qe2 Rb6 25. b3 Rc6 26. c4 dxc4 27.
Rxc4 Rxc4 28. Qxc4 Qa3 29. Re2 Rd8 30. g3 Rd5 31. Kg2 Rc5 32. Qf4 Rd5 33. Rc2
Rc5 34. Rd2 Rd5 35. Rxd5 exd5 36. Qd4 Qxa2 37. Qxd5 a4 38. Qa8+ Kg7 39. Qxa4
Qb2 40. e6 fxe6 41. Qd7+ Kf6 42. g5+ Kxg5 43. Qxe6 h5 44. Qe3+ Kf6 45. Qf4+ Kg7
46. b4 Qb3 47. Qe5+ Kh7 48. b5 Qc4 49. Qe7+ Kh6 50. Qe3+ Kh7 51. Qa7+ Kh6 52.
Qe3+ Kh7 53. b6 Qc6+ 54. f3 h4 55. gxh4 Qc2+ 56. Qf2 Qb1 57. Kg3 Qb4 58. Qe3
Qd6+ 59. Kg2 Qb4 60. Kh3 Qb1 61. Qe7+ Kh8 62. b7 Qh1+ 63. Kg3 Qg1+ 64. Kf4 Qd4+
65. Qe4 Qd6+ 66. Kg4 Qd7+
1-0

[Event "European Senior Chess Championship 2018"]
[Site "Drammen, Norway"]
[Date "2018.08.03"]
[Round "2"]
[White "Ilyes, Peter"]
[Black "Lilleng, Gunnar"]
[Result "1/2-1/2"]
[WhiteElo "1944"]
[BlackElo "1598"]
[PlyCount "43"]
[EventDate "2018.??.??"]

1. e4 d5 2. exd5 Qxd5 3. d4 Nf6 4. c4 Qd8 5. Nf3 Bg4 6. Be2 e6 7. O-O c6 8. h3
Bh5 9. Nc3 Be7 10. Bf4 Nbd7 11. Qb3 Qb6 12. c5 Qxb3 13. axb3 O-O 14. g4 Bg6 15.
Nh4 Nd5 16. Nxg6 hxg6 17. Nxd5 exd5 18. g5 Rfe8 19. Bg4 Nf8 20. Rfe1 f5 21. Bf3
Kf7 22. h4
1/2-1/2

[Event "European Senior Chess Championship 2018"]
[Site "Drammen, Norway"]
[Date "2018.08.03"]
[Round "2"]
[White "Ingham, H William"]
[Black "Johnsen, Oystein"]
[Result "1/2-1/2"]
[WhiteElo "1819"]
[BlackElo "2009"]
[PlyCount "70"]
[EventDate "2018.??.??"]

1. d4 d5 2. Nf3 Nf6 3. e3 a6 4. Bd3 Bg4 5. h3 Bh5 6. c4 c6 7. Qb3 Ra7 8. Ne5
Nbd7 9. Nxd7 Qxd7 10. Nc3 e6 11. cxd5 exd5 12. Bd2 Bd6 13. Rc1 Bg6 14. Na4 Bxd3
15. Qxd3 a5 16. Nc5 Qe7 17. a4 b6 18. Nb3 Qd7 19. Bc3 O-O 20. Nd2 Re8 21. O-O
b5 22. b3 Ne4 23. Nxe4 dxe4 24. Qc2 b4 25. Bb2 Rc7 26. Rfd1 Qe7 27. Qe2 Qe6 28.
Rc4 Rec8 29. Rdc1 Qd5 30. Qg4 f5 31. Qe2 f4 32. exf4 Bxf4 33. Re1 Re8 34. Bc1
Bd6 35. Be3 h6
1/2-1/2

[Event "European Senior Chess Championship 2018"]
[Site "Drammen, Norway"]
[Date "2018.08.03"]
[Round "2"]
[White "Khmiadashvili, Tamar"]
[Black "Mella, Aage"]
[Result "1-0"]
[WhiteElo "1969"]
[BlackElo "1689"]
[PlyCount "43"]
[EventDate "2018.??.??"]

1. d4 Nf6 2. c3 e6 3. Bg5 d5 4. Nd2 Nbd7 5. e3 Be7 6. f4 c6 7. Bd3 b6 8. Qe2 a5
9. Ngf3 Bb7 10. a4 h6 11. Bh4 c5 12. Ne5 O-O 13. Bxf6 Nxf6 14. O-O Ne4 15. Nxe4
dxe4 16. Bb5 Qc7 17. Qh5 Rad8 18. g4 Bf6 19. Rf2 cxd4 20. cxd4 Ra8 21. Qh3 Ba6
22. Rd1 1-0

[Event "European Senior Chess Championship 2018"]
[Site "Drammen, Norway"]
[Date "2018.08.03"]
[Round "2"]
[White "Kolbak, Jens"]
[Black "Milashevskaja, Valentina"]
[Result "1-0"]
[WhiteElo "2181"]
[BlackElo "1748"]
[PlyCount "61"]
[EventDate "2018.??.??"]

1. Nf3 Nf6 2. c4 e6 3. g3 b6 4. Bg2 Bb7 5. O-O Be7 6. Nc3 O-O 7. d4 d6 8. Qc2
Nbd7 9. e4 e5 10. Rd1 exd4 11. Nxd4 Re8 12. b3 Rb8 13. Bb2 Bf8 14. Re1 g6 15.
Rad1 Bg7 16. b4 c6 17. b5 Qc7 18. bxc6 Ba8 19. Ncb5 Qd8 20. c7 Qc8 21. cxb8=Q
Qxb8 22. Nc3 Ne5 23. Nd5 Qc8 24. Nb5 Nxd5 25. exd5 Qd7 26. f4 Ng4 27. Bxg7 Kxg7
28. Qc3+ Kg8 29. Rxe8+ Qxe8 30. Re1 Qc8 31. Nc7
1-0

[Event "European Senior Chess Championship 2018"]
[Site "Drammen, Norway"]
[Date "2018.08.03"]
[Round "2"]
[White "Kuznetsova, Luba"]
[Black "Rostad, Rolf"]
[Result "1-0"]
[WhiteElo "1983"]
[BlackElo "1813"]
[PlyCount "87"]
[EventDate "2018.??.??"]

1. d4 Nf6 2. Nf3 g6 3. c4 c5 4. e3 Bg7 5. Nc3 b6 6. Bd3 Bb7 7. O-O O-O 8. Bd2
d6 9. d5 Nbd7 10. h3 a6 11. a4 Qc7 12. e4 Ne8 13. Qc1 Ne5 14. Be2 Nxf3+ 15.
Bxf3 Bc8 16. Bh6 Ra7 17. Qd2 Bd7 18. Bxg7 Kxg7 19. Rae1 Qb8 20. Be2 Nc7 21. f4
Qe8 22. e5 Bxa4 23. exd6 Na8 24. Nxa4 Qxa4 25. Qc3+ f6 26. Bd1 Qe8 27. Re6 Qd8
28. dxe7 Rxe7 29. Rxe7+ Qxe7 30. Re1 Qd6 31. g3 Nc7 32. Kg2 Re8 33. Bc2 Rxe1
34. Qxe1 Kf7 35. Kf3 Qe7 36. Qd2 Qd6 37. g4 Ne8 38. h4 Ng7 39. Qh2 Ne8 40. h5
Kg7 41. hxg6 hxg6 42. Qe2 Nc7 43. Qe4 g5 44. Qg6+
1-0

[Event "European Senior Chess Championship 2018"]
[Site "Drammen, Norway"]
[Date "2018.08.03"]
[Round "2"]
[White "Solli, Oddvar"]
[Black "Ladisic, Alex-Sacha"]
[Result "1-0"]
[WhiteElo "1796"]
[BlackElo "1962"]
[PlyCount "69"]
[EventDate "2018.??.??"]

1. d4 Nf6 2. c4 d6 3. Nc3 e5 4. Nf3 Nc6 5. e4 Bg4 6. dxe5 dxe5 7. Be2 Bxf3 8.
Bxf3 Nd4 9. O-O Bc5 10. Be3 O-O 11. Rb1 a5 12. a3 Qe7 13. Nd5 Nxd5 14. cxd5
Rfd8 15. Be2 c6 16. Bc4 Kh8 17. dxc6 bxc6 18. Qh5 g6 19. Qg5 f6 20. Qg4 Kg7 21.
Rfd1 Ra7 22. h4 h5 23. Qh3 Rb8 24. Rd3 Rab7 25. b3 Rd7 26. Bd2 Bxa3 27. Qe3 Rh8
28. Bxa5 Bc5 29. Qd2 Ra8 30. Bc3 Ra3 31. Qe3 f5 32. exf5 Nxf5 33. Qe2 Qxh4 34.
Qxe5+ Kh7 35. Qxc5
1-0

[Event "European Senior Chess Championship 2018"]
[Site "Drammen, Norway"]
[Date "2018.08.03"]
[Round "2"]
[White "Podlovna, Stella"]
[Black "Lerstad, Bjorn"]
[Result "1/2-1/2"]
[WhiteElo "1607"]
[BlackElo "1916"]
[PlyCount "62"]
[EventDate "2018.??.??"]

1. d4 e6 2. Nf3 b6 3. Bf4 Bb7 4. e3 Nf6 5. h3 Be7 6. Bd3 O-O 7. Nbd2 d5 8. O-O
Bd6 9. Ne5 Nfd7 10. Ndf3 Nxe5 11. dxe5 Be7 12. c3 Nd7 13. Qc2 g6 14. Bh6 Re8
15. e4 c6 16. Rad1 Qc7 17. exd5 cxd5 18. Rfe1 Rac8 19. Qe2 Qd8 20. Nd4 Nc5 21.
Bb1 Bg5 22. Bxg5 Qxg5 23. Nb5 Ba6 24. Rd4 Qe7 25. a4 Qd7 26. Bc2 Bxb5 27. axb5
Qc7 28. Qe3 Qe7 29. Qh6 Qf8 30. Qh4 Qe7 31. Qh6 Qf8
1/2-1/2

[Event "European Senior Chess Championship 2018"]
[Site "Drammen, Norway"]
[Date "2018.08.03"]
[Round "2"]
[White "Munar Mut, Antonio"]
[Black "Lie, Terje"]
[Result "1/2-1/2"]
[WhiteElo "1909"]
[BlackElo "1502"]
[PlyCount "132"]
[EventDate "2018.??.??"]

1. e4 d6 2. d4 Nf6 3. Nc3 g6 4. Nf3 Bg4 5. Be2 Bg7 6. O-O O-O 7. Be3 Nc6 8. Qd2
e5 9. d5 Ne7 10. h3 Bxf3 11. Bxf3 Nd7 12. Bh6 Nb6 13. b3 f5 14. Bxg7 Kxg7 15.
a4 a6 16. Rad1 f4 17. a5 Nd7 18. Na4 Rb8 19. c4 b6 20. axb6 Nxb6 21. Qd3 Nxa4
22. bxa4 c5 23. Rb1 Qc7 24. Qc2 Qa5 25. Bg4 Rb4 26. Rxb4 cxb4 27. Qb3 Rb8 28.
Ra1 h5 29. Be2 Qc5 30. Qd3 a5 31. Kf1 Kh6 32. g3 fxg3 33. Qxg3 Rf8 34. h4 Kh7
35. Rd1 Ng8 36. Rd2 Rf4 37. Bf3 Qxc4+ 38. Kg2 Nf6 39. Qg5 Nxe4 40. Qe7+ Kg8 41.
Qe8+ Kg7 42. Re2 Nc3 43. Re3 Qc5 44. Qe7+ Rf7 45. Qe6 Qc7 46. Bxh5 gxh5 47.
Rg3+ Kf8 48. Qh6+ Ke7 49. Qe6+ Kf8 50. Qh6+ Ke7 51. Rg8 Nxd5 52. Qh8 Nf4+ 53.
Kh2 Ke6 54. Re8+ Kd5 55. Qg8 Kd4 56. Rc8 Rg7 57. Qe8 Rg2+ 58. Kh1 Qg7 59. Rc1
Rxf2 60. Rd1+ Nd3 61. Qc6 Qf6 62. Qb6+ Kc3 63. Qc6+ Nc5 64. Kg1 Rc2 65. Rd3+
Kxd3 66. Qf3+ Qxf3
1/2-1/2

[Event "European Senior Chess Championship 2018"]
[Site "Drammen, Norway"]
[Date "2018.08.03"]
[Round "2"]
[White "Strand, Kjetil"]
[Black "Moen, Ole Christian"]
[Result "0-1"]
[WhiteElo "1994"]
[BlackElo "2228"]
[PlyCount "74"]
[EventDate "2018.??.??"]

1. e4 c5 2. Nf3 a6 3. d4 cxd4 4. Nxd4 Nf6 5. Nc3 e5 6. Nde2 Bc5 7. Ng3 Qb6 8.
Qf3 d6 9. Bc4 Bg4 10. Nd5 Nxd5 11. Qxg4 Bxf2+ 12. Ke2 Bxg3 13. hxg3 Ne7 14.
Qxg7 Rf8 15. Rxh7 d5 16. Bxd5 Nxd5 17. exd5 Nd7 18. c4 Qg1 19. b3 O-O-O 20. Qg4
Qxg2+ 21. Kd1 f5 22. Qg6 f4 23. Bd2 Qg1+ 24. Kc2 Qxa1 25. gxf4 Qxa2+ 26. Kc3
Rg8 27. Rg7 Rxg7 28. Qxg7 exf4 29. Qg4 Qa1+ 30. Kc2 Rf8 31. c5 Qa2+ 32. Kc3
Qa5+ 33. b4 Qa1+ 34. Kc4 Qe5 35. Bc3 Qf5 36. Qf3 Re8 37. c6 Re4+
0-1

[Event "European Senior Chess Championship 2018"]
[Site "Drammen, Norway"]
[Date "2018.08.03"]
[Round "2"]
[White "Svensson, Leif"]
[Black "Patola, Eero"]
[Result "1-0"]
[WhiteElo "2052"]
[BlackElo "1856"]
[PlyCount "97"]
[EventDate "2018.??.??"]

1. d4 c5 2. d5 Nf6 3. Nc3 d6 4. e4 a6 5. a4 e6 6. Nf3 Be7 7. Be2 O-O 8. O-O
exd5 9. exd5 Nbd7 10. Re1 b6 11. Bg5 Bb7 12. Qd2 Re8 13. Bc4 Nf8 14. Re2 Ng6
15. Rae1 Qd7 16. h3 h6 17. Bf4 Nxf4 18. Qxf4 Bf8 19. g4 Rxe2 20. Rxe2 Re8 21.
Rxe8 Qxe8 22. Qe3 Qxe3 23. fxe3 b5 24. axb5 axb5 25. Nxb5 Nxd5 26. Kf2 Nf6 27.
Nd2 Bc6 28. Nc3 Be7 29. e4 Nd7 30. Bb5 Ne5 31. Bxc6 Nxc6 32. Nd5 Bh4+ 33. Ke2
Kf8 34. c3 Ke8 35. b4 cxb4 36. cxb4 Kd7 37. Nc4 Nd4+ 38. Kd3 Nb5 39. Nc3 Nxc3
40. Kxc3 Bf2 41. Kd3 Kc6 42. b5+ Kc7 43. Nb2 g6 44. Kc4 Be3 45. Kd5 Bg5 46. Nc4
Be7 47. b6+ Kd7 48. Na5 Bd8 49. b7
1-0

[Event "European Senior Chess Championship 2018"]
[Site "Drammen, Norway"]
[Date "2018.08.03"]
[Round "2"]
[White "Rubinstein, Mark"]
[Black "Sand, Rolf, Dr."]
[Result "1/2-1/2"]
[WhiteElo "1850"]
[BlackElo "1990"]
[PlyCount "32"]
[EventDate "2018.??.??"]

1. c4 c5 2. Nc3 Nc6 3. g3 g6 4. Bg2 Bg7 5. e3 e6 6. Nge2 Nge7 7. O-O O-O 8. d4
cxd4 9. exd4 d5 10. cxd5 Nxd4 11. Nxd4 exd5 12. Be3 Bg4 13. Bf3 Be6 14. Qd2 Qb6
15. Rfd1 Rac8 16. Rac1 Qa5
1/2-1/2

[Event "European Senior Chess Championship 2018"]
[Site "Drammen, Norway"]
[Date "2018.08.03"]
[Round "2"]
[White "Sather, Lars"]
[Black "Wahlstedt, Mats"]
[Result "1-0"]
[WhiteElo "1720"]
[BlackElo "1951"]
[PlyCount "143"]
[EventDate "2018.??.??"]

1. d4 Nf6 2. c4 g6 3. Nc3 Bg7 4. e4 d6 5. Bd3 e5 6. Nge2 O-O 7. Bg5 exd4 8.
Nxd4 c6 9. O-O Qb6 10. Nb3 Re8 11. Bc2 Ng4 12. Na4 Qc7 13. Bf4 Ne5 14. Qe2 Na6
15. Rad1 Qe7 16. Rd2 Be6 17. Bg3 Nb4 18. Bxe5 dxe5 19. Bb1 Bh6 20. Rdd1 Na6 21.
Nd2 Nc5 22. Nxc5 Qxc5 23. b3 a5 24. h3 a4 25. Bc2 axb3 26. Bxb3 Rad8 27. Nf3 f6
28. Qc2 Bf8 29. Rd3 Rxd3 30. Qxd3 Be7 31. Qc2 Rd8 32. g4 h6 33. Kg2 Bf7 34. Nd2
Qd4 35. Nf3 Qd3 36. Ne1 Qxc2 37. Nxc2 Rd2 38. Ne3 Bc5 39. Nd1 Bd4 40. Kf3 Kf8
41. Ne3 Ke7 42. Rd1 Rxd1 43. Nxd1 Be6 44. Ne3 Bd7 45. Ng2 f5 46. Nh4 fxg4+ 47.
hxg4 Kf6 48. Kg3 Bb2 49. Nf3 Bc1 50. Ne1 Ba3 51. Nd3 b6 52. Kh4 Be7 53. Kg3 h5
54. gxh5 gxh5 55. Bd1 Be8 56. f4 h4+ 57. Kxh4 exf4 58. Kg4 Bf7 59. e5+ Kg7 60.
Bb3 Be6+ 61. Kxf4 Kg6 62. c5 Bg5+ 63. Kg3 Bxb3 64. cxb6 Be3 65. b7 Ba7 66. axb3
Kf5 67. b4 Ke6 68. Kf4 Bb8 69. Ke4 Kd7 70. Nc5+ Kc7 71. Kf5 Kd8 72. Kf6
1-0

[Event "European Senior Chess Championship 2018"]
[Site "Drammen, Norway"]
[Date "2018.08.03"]
[Round "2"]
[White "Skogheim, Ole Morten"]
[Black "Tolda Andreu, Eloi"]
[Result "1-0"]
[WhiteElo "1992"]
[BlackElo "1827"]
[PlyCount "66"]
[EventDate "2018.??.??"]

1. e4 c5 2. Nf3 d6 3. Nc3 Nc6 4. d4 cxd4 5. Nxd4 Nf6 6. Bc4 Bd7 7. f3 g6 8. Be3
Bg7 9. Qd2 a6 10. O-O-O Qc7 11. Nxc6 Bxc6 12. Bb3 b5 13. Bh6 O-O 14. h4 a5 15.
h5 a4 16. Bd5 b4 17. Bxg7 bxc3 18. Qxc3 Kxg7 19. Qxc6 Nxd5 20. Qxd5 a3 21. b3
Ra5 22. Qd2 g5 23. Qd4+ f6 24. c4 Rb8 25. Qc3 e6 26. Rd4 d5 27. exd5 Rxd5 28.
h6+ Kf7 29. Rhd1 Rbd8 30. Qc2 Qf4+ 31. Rxf4 Rxd1+ 32. Qxd1 Rxd1+ 33. Kxd1 gxf4
1-0

[Event "European Senior Chess Championship 2018"]
[Site "Drammen, Norway"]
[Date "2018.08.03"]
[Round "2"]
[White "Tveten, Per"]
[Black "Thjomoe, Hans Richard"]
[Result "0-1"]
[WhiteElo "1526"]
[BlackElo "1888"]
[PlyCount "118"]
[EventDate "2018.??.??"]

1. e4 e5 2. Nf3 Nc6 3. Bc4 Bc5 4. d3 Nf6 5. Nc3 h6 6. a3 d6 7. h3 Be6 8. Nd5 a6
9. b4 Ba7 10. b5 axb5 11. Bxb5 Nxd5 12. exd5 Bxd5 13. c4 Be6 14. d4 exd4 15.
Nxd4 Bxd4 16. Qxd4 O-O 17. Bxc6 bxc6 18. Bb2 Qg5 19. O-O Bxh3 20. Qxg7+ Qxg7
21. Bxg7 Kxg7 22. gxh3 Ra4 23. Rfc1 Rfa8 24. Rc3 R8a5 25. Kg2 Kf6 26. Kf3 Rh5
27. Kg4 Rg5+ 28. Kf4 d5 29. Rac1 c5 30. Kf3 d4 31. Rb3 Ke6 32. h4 Rf5+ 33. Kg3
Re5 34. f4 Re2 35. Kf3 Ra2 36. Ke4 f5+ 37. Kd3 R4xa3 38. Re1+ Kd6 39. Reb1
Rxb3+ 40. Rxb3 Rf2 41. Rb1 Rxf4 42. Rh1 Rf3+ 43. Ke2 Rc3 44. Rg1 Rxc4 45. Rg6+
Ke5 46. Rxh6 Rc2+ 47. Kd3 Rc3+ 48. Kd2 Rh3 49. Rc6 Kd5 50. Rxc7 Rxh4 51. Rd7+
Kc4 52. Rf7 Rh2+ 53. Ke1 Kc3 54. Rxf5 c4 55. Rf3+ d3 56. Re3 Re2+ 57. Rxe2 dxe2
58. Kxe2 Kc2 59. Ke3 c3
0-1

[Event "European Senior Chess Championship 2018"]
[Site "Drammen, Norway"]
[Date "2018.08.03"]
[Round "3"]
[White "Barle, Janez"]
[Black "Karason, Askell O"]
[Result "1/2-1/2"]
[WhiteElo "2249"]
[BlackElo "2217"]
[PlyCount "26"]
[EventDate "2018.??.??"]

1. Nf3 Nf6 2. d4 e6 3. Bg5 c5 4. e3 h6 5. Bh4 b6 6. Nbd2 Bb7 7. Bd3 Be7 8. O-O
O-O 9. c3 Nc6 10. Qe2 d5 11. Rad1 Qc7 12. dxc5 bxc5 13. e4 Nh5
1/2-1/2

[Event "European Senior Chess Championship 2018"]
[Site "Drammen, Norway"]
[Date "2018.08.03"]
[Round "3"]
[White "Hartung-Nielsen, Jens"]
[Black "Goncharov, Viktor"]
[Result "0-1"]
[WhiteElo "2211"]
[BlackElo "2041"]
[PlyCount "52"]
[EventDate "2018.??.??"]

1. c4 Nf6 2. g3 e6 3. Nf3 d5 4. b3 c5 5. Bg2 Nc6 6. e3 Be7 7. O-O O-O 8. Bb2 a6
9. cxd5 Nxd5 10. d4 Nf6 11. Nbd2 Bd7 12. dxc5 Bxc5 13. Bxf6 gxf6 14. Ne4 Be7
15. Rc1 Rc8 16. Rc2 Nb4 17. Rd2 Nd5 18. Nd4 e5 19. Qh5 exd4 20. Qxd5 Bb5 21.
Qf5 Bxf1 22. Ng5 Bd3 23. Rxd3 Rc1+ 24. Bf1 fxg5 25. Rxd4 Qc8 26. Qe5 Qh3
0-1

[Event "European Senior Chess Championship 2018"]
[Site "Drammen, Norway"]
[Date "2018.08.03"]
[Round "3"]
[White "Hedin, Gunnar"]
[Black "Idesis, Yaacov"]
[Result "1-0"]
[WhiteElo "2179"]
[BlackElo "1958"]
[PlyCount "57"]
[EventDate "2018.??.??"]

1. f4 d5 2. Nf3 Bf5 3. g3 e6 4. Bg2 Nf6 5. O-O Nbd7 6. d3 c6 7. e3 h6 8. Nc3
Be7 9. Qe2 O-O 10. h3 Bh7 11. g4 Ne8 12. e4 dxe4 13. dxe4 Bc5+ 14. Kh1 Nc7 15.
f5 exf5 16. exf5 Re8 17. Qc4 Qe7 18. Bf4 Nb6 19. Qb3 Ncd5 20. Rae1 Qf8 21. Nxd5
Nxd5 22. Bd2 Bb6 23. c4 Rxe1 24. Rxe1 Nf6 25. Ne5 Rd8 26. Bb4 c5 27. Bc3 Nd7
28. Nxf7 Re8 29. Nxh6+
1-0

[Event "European Senior Chess Championship 2018"]
[Site "Drammen, Norway"]
[Date "2018.08.03"]
[Round "3"]
[White "Skogheim, Ole Morten"]
[Black "Vinke, Dietmar"]
[Result "1/2-1/2"]
[WhiteElo "1992"]
[BlackElo "2166"]
[PlyCount "38"]
[EventDate "2018.??.??"]

1. e4 c6 2. d4 d5 3. e5 c5 4. dxc5 e6 5. a3 Bxc5 6. b4 Be7 7. Nf3 Nd7 8. Nbd2
a5 9. b5 f6 10. Bb2 fxe5 11. Nxe5 Nxe5 12. Bxe5 Bf6 13. Bxf6 Nxf6 14. Be2 O-O
15. O-O e5 16. c4 d4 17. Bf3 Qe7 18. Re1 Re8 19. Re4 Bf5
1/2-1/2

[Event "European Senior Chess Championship 2018"]
[Site "Drammen, Norway"]
[Date "2018.08.03"]
[Round "3"]
[White "Kuznetsova, Luba"]
[Black "Neumann, Joachim"]
[Result "1/2-1/2"]
[WhiteElo "1983"]
[BlackElo "2124"]
[PlyCount "42"]
[EventDate "2018.??.??"]

1. d4 Nf6 2. Nf3 b6 3. e3 Bb7 4. Bd3 g6 5. O-O Bg7 6. Nbd2 c5 7. c3 O-O 8. Qe2
Nc6 9. e4 cxd4 10. Nxd4 e5 11. Nxc6 Bxc6 12. Nf3 Qc7 13. Bg5 d5 14. Bxf6 Bxf6
15. Rfe1 Rfe8 16. Rad1 Rad8 17. Bc2 Qb7 18. Rd2 dxe4 19. Rxd8 Rxd8 20. Bxe4
Bxe4 21. Qxe4 Qxe4
1/2-1/2

[Event "European Senior Chess Championship 2018"]
[Site "Drammen, Norway"]
[Date "2018.08.03"]
[Round "3"]
[White "Hohler, Peter"]
[Black "Lerstad, Bjorn"]
[Result "1/2-1/2"]
[WhiteElo "2091"]
[BlackElo "1916"]
[PlyCount "46"]
[EventDate "2018.??.??"]

1. d4 b6 2. e4 Bb7 3. Bd3 e6 4. Nf3 Nf6 5. Qe2 d5 6. e5 Nfd7 7. O-O Be7 8. Nbd2
c5 9. c3 Nc6 10. a3 h6 11. Re1 Qc7 12. Nf1 a5 13. Be3 c4 14. Bc2 a4 15. N3d2 b5
16. f4 O-O-O 17. f5 Rdg8 18. Ng3 g6 19. fxe6 fxe6 20. Rf1 Nd8 21. Nf3 Nf8 22.
Rac1 Bc6 23. Kh1 Be8
1/2-1/2

[Event "European Senior Chess Championship 2018"]
[Site "Drammen, Norway"]
[Date "2018.08.03"]
[Round "3"]
[White "Thjomoe, Hans Richard"]
[Black "Zhelesny, Stanislav"]
[Result "0-1"]
[WhiteElo "1888"]
[BlackElo "2077"]
[PlyCount "44"]
[EventDate "2018.??.??"]

1. e4 c6 2. d4 d5 3. exd5 cxd5 4. Bd3 Nf6 5. c3 g6 6. Bf4 Nc6 7. Nd2 Bg7 8.
Ngf3 O-O 9. O-O Re8 10. Ne5 Nh5 11. Qf3 Nxf4 12. Qxf4 f6 13. Ng4 Bxg4 14. Qxg4
e5 15. dxe5 fxe5 16. Rad1 e4 17. Nxe4 Ne5 18. Qe2 Nxd3 19. Rxd3 Rxe4 20. Qxe4
dxe4 21. Rxd8+ Rxd8 22. Re1 Rd2
0-1